Bucher Charles A (Record no. 4659)
[ view plain ]
| 000 -LEADER | |
|---|---|
| fixed length control field | 00415nam a2200145Ia 4500 |
| 008 - FIXED-LENGTH DATA ELEMENTS--GENERAL INFORMATION | |
| fixed length control field | 151015s9999 xx 000 0 und d |
| 020 ## - INTERNATIONAL STANDARD BOOK NUMBER | |
| International Standard Book Number | 72329041 |
| 050 ## - LIBRARY OF CONGRESS CALL NUMBER | |
| Classification number | GV 343.5.B787 2000 |
| 245 ## - TITLE STATEMENT | |
| Title | Bucher Charles A |
| 250 ## - EDITION STATEMENT | |
| Edition statement | _Management of physical education and sport |
| 300 ## - PHYSICAL DESCRIPTION | |
| Extent | USA Mc Graw-Hill 2002 |
| 500 ## - GENERAL NOTE | |
| General note | Includes index |
| 650 ## - SUBJECT ADDED ENTRY--TOPICAL TERM | |
| Topical term or geographic name as entry element | _Sports administration |
| 700 ## - ADDED ENTRY--PERSONAL NAME | |
| Personal name | ^d20130522 09:14:04^oanne |
No items available.